000 00551nam a2200157 4500
999 _c17317
_d17317
008 220923b ||||| |||| 00| 0 eng d
020 _a9781666889789
082 _22022
_aDC 658.30072
_bB388
100 _aBecker, Tommy.
_946085
245 _aHuman resource research methods /
_cTommy Becker.
260 _aU.S.A. :
_bKaufman Press,
_c©2022.
300 _axi, 344 pages :
_billustrations ;
_c25 cm.
500 _aIncludes bibliographical references and index.
650 _aPersonnel management
_xResearch
_xMethodology.
_946086
942 _2ddc
_cDC